000 00597cam a22002177a 4500
001 002119
003 armpunfd
005 20140612090659.0
008 071003e0####xx#a##########000#0#und#d
040 _aarmpunfd
_carmpunfd
080 _a343.95 F 912
100 1 0 _a Friedlander, Kate
245 1 0 _aPsicoanalisis de la delincuencia juvenil
260 _a Uenos Aires : Paidos
_b1972. 422 P.
650 7 _a Delincuencia Juvenil
_2LEMB
650 7 _a Derecho Penal
_2LEMB
650 7 _a Menores
_2LEMB
650 7 _a Psicoanalisis
_2LEMB
942 _cLB
_2cdu
945 _aCatalis
_d2010-08-19
999 _c2110
_d232614